| 000 | 00425nam a2200157 4500 | ||
|---|---|---|---|
| 001 | 107149 | ||
| 003 | ES-MaACL | ||
| 005 | 20230906184346.0 | ||
| 007 | t| | ||
| 008 | 061121q19001940sp r ||||1| spa d | ||
| 100 | 1 |
_aMori, Arturo. _983539 |
|
| 245 | 1 | 3 |
_aEl teatro _b: autores, comedias y cómicos / _cArturo Mori. |
| 260 |
_aMadrid : _bG. Hernández, _c[19_?] |
||
| 300 |
_a128 p. ; _c19 cm. |
||
| 852 |
_aES-MaACL _jF-7651 |
||
| 999 |
_c107149 _d107149 |
||